Trong vắt trời xanh: Truyện và ký sự lịch sử về những sự việc và những con người
保存先:
| 第一著者: | |
|---|---|
| フォーマット: | 図書 |
| 言語: | Undetermined |
| 出版事項: |
H.
VHTT
1997
|
| 主題: | |
| タグ: |
タグ追加
タグなし, このレコードへの初めてのタグを付けませんか!
|
| Thư viện lưu trữ: | Trung tâm Học liệu Trường Đại học Cần Thơ |
|---|
| LEADER | 00597nam a2200181Ia 4500 | ||
|---|---|---|---|
| 001 | CTU_53311 | ||
| 008 | 210402s9999 xx 000 0 und d | ||
| 020 | |b 3000 | ||
| 082 | |a 895.9223081 | ||
| 082 | |b H107 | ||
| 100 | |a Phạm Tường Hạnh | ||
| 245 | 0 | |a Trong vắt trời xanh: Truyện và ký sự lịch sử về những sự việc và những con người | |
| 245 | 0 | |c Phạm Tường Hạnh | |
| 260 | |a H. | ||
| 260 | |b VHTT | ||
| 260 | |c 1997 | ||
| 650 | |a historical fiction, vietnamese | ||
| 980 | |a Trung tâm Học liệu Trường Đại học Cần Thơ | ||